000 00606nam a2200217Ii 4500
003 JO-AjNU
008 230606s9999||||xx |||||||||||||| ||und||
020 _a978-0-19-957918-1
040 _aJO-AjNU
_beng
_erda
_cJO-AjNU
041 _aeng
050 1 4 _ak1315.4.2010
100 3 _astuart, sime,
_eauthor
_91684
245 0 0 _acompany law in practice
250 _a8 ed
264 3 1 _alondon : the city law school city university ، 2010
300 _a230p
336 _atext
_btxt
_2rdacontent
337 _aunmediated
_bn
_2rdamedia
338 _avolume
_bnc
_2rdacarrier
650 4 _acompany law
_91685
999 _aE884
_c884
_d884